| 000 | 00546nam a2200193Ia 4500 | ||
|---|---|---|---|
| 003 | IN-BaIIA | ||
| 008 | 211028s9999 xx 000 0 eng d | ||
| 020 | _a0-471-09245-2 | ||
| 040 | _cIIA Library | ||
| 080 |
_a539.125 _bLEW |
||
| 100 |
_aLewis, E. E _914054 |
||
| 245 | 0 |
_aComputational methods of neutron transport _cE. E. Lewis and W. F. Miller |
|
| 260 |
_aNew York _bJohn Wiley & Sons _c1984 |
||
| 300 | _axvi, 401p. | ||
| 650 |
_aComputation _92311 |
||
| 650 |
_aNeutron transport _914055 |
||
| 700 |
_aMiller, W. F. _914056 |
||
| 942 | _cBK | ||
| 999 |
_c8384 _d8384 |
||